000 00356nam a2200145Ia 4500
005 20250423101710.0
008 250422s9999 xx 000 0 und d
020 _a0-393-92558-7
100 _aCoffin, Judith G.
245 0 _aWestern Civilizations : Their History & Their Culture
260 _bNorton
260 _c2005
300 _a829 p
942 _cBK
999 _c37015
_d37015